[Event "Royal City Masters U2200"]
[Site "Guelph CAN"]
[Date "2025.08.03"]
[Round "4.39"]
[White "Li, Jerry"]
[Black "Syed, Farhaan"]
[Result "1-0"]
[WhiteElo "1819"]
[BlackElo "1815"]
[WhiteFideId "-1"]
[WhiteFideId "-1"]
[PlyCount "151"]
[GameId "2209708000651094"]
[EventDate "2025.08.01"]
[EventType "swiss"]
[EventRounds "9"]
[EventCountry "CAN"]

1. e4 c6 2. d4 d5 3. e5 c5 4. dxc5 Nc6 5. Bb5 e6 6. Be3 Nge7 7. Nf3 Nf5 8. Bd4 Bd7 9. Bxc6 Bxc6 10. c3 Rc8 11. b4 a5 12. O-O Be7 13. Re1 O-O 14. Nbd2 axb4 15. cxb4 Nxd4 16. Nxd4 b6 17. b5 Ba8 18. c6 Bc5 19. N2b3 Qe7 20. a4 Rc7 21. Rc1 Ba3 22. Rb1 Rb8 23. Re3 Ra7 24. Nd2 Bc5 25. Rd3 Qh4 26. N2f3 Qe4 27. Re3 Qg6 28. Ra1 Qg4 29. Qd2 h6 30. h3 Qg6 31. Qd3 Qxd3 32. Rxd3 Kf8 33. Kf1 Rc8 34. Rd2 Bb4 35. Rc2 Rcc7 36. Ne2 Ke7 37. Rb2 Ba5 38. Rb3 Rc8 39. Nfd4 Rf8 40. Rg3 Rg8 41. Nb3 Bb4 42. Rg4 Ba5 43. Nxa5 Rxa5 44. Nd4 g6 45. Nb3 Ra7 46. a5 Rb8 47. Rga4 bxa5 48. Rxa5 Rxa5 49. Rxa5 Bxc6 50. bxc6 Rxb3 51. Ra7+ Kd8 52. Rxf7 Rc3 53. Rf6 Rxc6 54. Rxg6 h5 55. Rh6 d4 56. Rxh5 d3 57. Ke1 Rc1+ 58. Kd2 Rc2+ 59. Kxd3 Rxf2 60. Rg5 Ke7 61. Rg7+ Kf8 62. Rg6 Ke7 63. h4 Rf4 64. g3 Rf7 65. Ke4 Rf5 66. Rf6 Rh5 67. Kf4 Rh7 68. Kg5 Rg7+ 69. Rg6 Rh7 70. h5 Kf7 71. h6 Rh8 72. Rg7+ Ke8 73. h7 Kf8 74. Kf6 Rxh7 75. Rxh7 Kg8 76. Ra7 1-0

[Event "Royal City Masters U2200"]
[Site "Guelph CAN"]
[Date "2025.08.03"]
[Round "4.40"]
[White "Tian, Dylan"]
[Black "Husic, Elvis"]
[Result "1-0"]
[WhiteElo "1769"]
[BlackElo "1885"]
[WhiteFideId "-1"]
[WhiteFideId "-1"]
[PlyCount "103"]
[GameId "2209708000659287"]
[EventDate "2025.08.01"]
[EventType "swiss"]
[EventRounds "9"]
[EventCountry "CAN"]

1. Nf3 d5 2. c4 e6 3. g3 Be7 4. Bg2 Nf6 5. b3 O-O 6. O-O b6 7. Bb2 Bb7 8. Qc2 dxc4 9. bxc4 c5 10. Ng5 Bxg2 11. Bxf6 g6 12. Nxf7 Rxf7 13. Bxe7 Qxe7 14. Kxg2 Nc6 15. Qe4 Rc8 16. d3 Qd6 17. Nd2 Rcf8 18. Nf3 Rf6 19. h4 h6 20. Qe3 Kg7 21. Nd2 Rf5 22. Ne4 Qe5 23. Qd2 Kh7 24. Qc3 Qc7 25. f4 Qe7 26. e3 e5 27. fxe5 Nxe5 28. Rf4 Rxf4 29. exf4 Nc6 30. Re1 Qf7 31. Re3 Nd4 32. a4 Nf5 33. Rf3 Nd4 34. Rf2 Qd7 35. a5 Qc6 36. axb6 axb6 37. Ra2 Rf7 38. Qa3 Re7 39. Qa8 Qxa8 40. Rxa8 b5 41. cxb5 c4 42. b6 cxd3 43. Ra7 Nc6 44. Rxe7+ Nxe7 45. Kf2 Kg7 46. b7 Nc6 47. Ke3 d2 48. Kxd2 Kf7 49. Kc3 Ke7 50. Nc5 Kd6 51. Na6 Kd5 52. Nb4+ 1-0

[Event "Royal City Masters U2200"]
[Site "Guelph CAN"]
[Date "2025.08.03"]
[Round "4.41"]
[White "Tian, Dylan"]
[Black "Husic, Elvis"]
[Result "1/2-1/2"]
[WhiteElo "1769"]
[BlackElo "1885"]
[WhiteFideId "-1"]
[WhiteFideId "-1"]
[PlyCount "135"]
[GameId "2209708000667480"]
[EventDate "2025.08.01"]
[EventType "swiss"]
[EventRounds "9"]
[EventCountry "CAN"]

1. Nf3 d5 2. b3 Nf6 3. e3 e6 4. Bb2 Be7 5. Be2 O-O 6. O-O Nbd7 7. d3 c5 8. c4 dxc4 9. dxc4 b6 10. Nc3 a6 11. Qc2 Bb7 12. Rfd1 Qc7 13. h3 Ne5 14. Nxe5 Qxe5 15. Nd5 Qg5 16. Nxf6+ Bxf6 17. Bf1 Rfd8 18. Bxf6 Qxf6 19. Rxd8+ Rxd8 20. Rd1 g6 21. Rd2 e5 22. Qd1 Rxd2 23. Qxd2 Qe7 24. Qd1 Bc6 25. Be2 Qf6 26. Qa1 Qd6 27. Qd1 Qxd1+ 28. Bxd1 b5 29. Be2 b4 30. f3 Kg7 31. Kf2 f5 32. Bd1 Kf6 33. g3 a5 34. Bc2 h5 35. Bd3 g5 36. Bf1 g4 37. Bg2 gxh3 38. Bxh3 Be8 39. f4 Bf7 40. Bg2 a4 41. Bf3 Bxc4 42. Bd1 axb3 43. axb3 Bd5 44. Bc2 c4 45. bxc4 Bxc4 46. Bb1 e4 47. Ke1 Ke6 48. Kd2 Kd5 49. Kc1 Kc5 50. Bc2 Kb5 51. Kb2 Be2 52. Bb3 Bc4 53. Bd1 Bf7 54. Bc2 Kc5 55. Bd1 Be8 56. Bb3 Bg6 57. Be6 Kb5 58. Bb3 Kc5 59. Be6 Kd6 60. Bb3 Be8 61. Bd1 Bf7 62. Ba4 Kc7 63. Bd1 Be8 64. Bb3 Kd6 65. Bd1 Bf7 66. Ba4 Be6 67. Bd1 Bf7 68. Ba4 1/2-1/2

[Event "Royal City Masters U2200"]
[Site "Guelph CAN"]
[Date "2025.08.03"]
[Round "5.20"]
[White "Qian, Eric"]
[Black "Iordanescu, Victor Nicolae"]
[Result "0-1"]
[WhiteElo "2097"]
[BlackElo "2038"]
[WhiteFideId "-1"]
[WhiteFideId "-1"]
[PlyCount "92"]
[GameId "2210366782481954"]
[EventDate "2025.08.01"]
[EventType "swiss"]
[EventRounds "9"]
[EventCountry "CAN"]

1. Nf3 d5 2. c4 e6 3. g3 dxc4 4. Qa4+ Nd7 5. Qxc4 a6 6. Bg2 b5 7. Qc2 Bb7 8. O-O Ngf6 9. d3 c5 10. a4 Be7 11. Nc3 Qb6 12. Qb3 O-O 13. axb5 Nd5 14. Na4 Qxb5 15. Nd2 Nb4 16. Nc3 Qb6 17. Nc4 Qa7 18. Bf4 Bxg2 19. Kxg2 Rfd8 20. Ra4 Nb6 21. Raa1 N6d5 22. Bd2 Rab8 23. Qa4 Nb6 24. Qb3 Nxc4 25. Qxc4 Rd4 26. Qb3 Nxd3 27. Rxa6 Qc7 28. Qa3 Nxb2 29. Bf4 e5 30. Bc1 Nc4 31. Qa2 Nd6 32. Nd5 Qd8 33. Be3 Bf8 34. Bxd4 exd4 35. Rc1 Rc8 36. Nb6 Rb8 37. Qa5 Ne4 38. Nc4 Qd5 39. Qc7 Rb4 40. Qc6 Qf5 41. f3 Qg5 42. Rc2 Nc3 43. Nd6 Nd5 44. Ra8 Ne3+ 45. Kf2 Qe7 46. Re8 Rb1 0-1

[Event "Royal City Masters U2200"]
[Site "Guelph CAN"]
[Date "2025.08.03"]
[Round "5.21"]
[White "Lazarev, Shon"]
[Black "Deepak, Laksshana"]
[Result "0-1"]
[WhiteElo "1872"]
[BlackElo "2135"]
[WhiteFideId "-1"]
[WhiteFideId "-1"]
[PlyCount "116"]
[GameId "2210366782522915"]
[EventDate "2025.08.01"]
[EventType "swiss"]
[EventRounds "9"]
[EventCountry "CAN"]

1. c4 Nf6 2. g3 e6 3. Bg2 d5 4. Nf3 Be7 5. O-O O-O 6. b3 d4 7. d3 c5 8. e3 Nc6 9. exd4 cxd4 10. Re1 Bd6 11. Bg5 h6 12. Bxf6 Qxf6 13. Nbd2 e5 14. Ne4 Qd8 15. Nxd6 Qxd6 16. a3 Bf5 17. b4 Rae8 18. Qc2 e4 19. dxe4 Bxe4 20. Qb3 d3 21. Red1 Qf6 22. Ne1 Nd4 23. Qa4 Ne2+ 24. Kf1 Bxg2+ 25. Kxg2 Nc3 26. Qxa7 Nxd1 27. Rxd1 Qc6+ 28. Nf3 Qxc4 29. Qxb7 Qb3 30. Rd2 Qxa3 31. Qb5 Rd8 32. Qc4 Rfe8 33. b5 Qd6 34. Qa2 Re4 35. h4 Rb4 36. Qa5 Rb3 37. Qa6 Qd5 38. b6 Qc6 39. Qa7 Rxb6 40. Qa2 Qe4 41. Qa5 Rbd6 42. Qc5 Rf6 43. Qe3 Qd5 44. g4 Re6 45. Qa7 Qe4 46. Kg3 Rg6 47. g5 h5 48. Qc7 Rgd6 49. Nh2 Rd4 50. f4 Qe1+ 51. Rf2 d2 52. g6 fxg6 53. Nf3 Qe3 54. Kg2 d1=Q 55. Ne5 Qxf2+ 56. Kxf2 Rd2+ 57. Kg3 R8d3+ 58. Nxd3 Qg4# 0-1

[Event "Royal City Masters U2200"]
[Site "Guelph CAN"]
[Date "2025.08.03"]
[Round "5.22"]
[White "Bluvshtein, Ilia"]
[Black "Ramesan, Raunak Amit"]
[Result "0-1"]
[WhiteElo "2081"]
[BlackElo "2016"]
[WhiteFideId "-1"]
[WhiteFideId "-1"]
[PlyCount "63"]
[GameId "2210366782522916"]
[EventDate "2025.08.01"]
[EventType "swiss"]
[EventRounds "9"]
[EventCountry "CAN"]

1. e4 c5 2. Nf3 d6 3. d4 cxd4 4. Nxd4 Nf6 5. Nc3 Nc6 6. Bg5 e6 7. Qd2 a6 8. O-O-O Bd7 9. f4 Be7 10. Nf3 b5 11. f5 b4 12. fxe6 fxe6 13. Bxf6 Bxf6 14. Ne2 Be7 15. Kb1 O-O 16. Ned4 Nxd4 17. Qxd4 a5 18. Bc4 Kh8 19. h4 a4 20. Ng5 Qc8 21. Qd3 g6 22. Rhf1 Rxf1 23. Rxf1 Bxg5 24. hxg5 Qc5 25. Rd1 Rc8 26. b3 axb3 27. axb3 Rc6 28. Qf3 d5 29. Qf6+ Kg8 30. exd5 exd5 31. Bxd5+ Qxd5 32. Qd8+ 0-1

[Event "Royal City Masters U2200"]
[Site "Guelph CAN"]
[Date "2025.08.03"]
[Round "5.23"]
[White "Heran-Boily, Samuel"]
[Black "Both, Aaron"]
[Result "1/2-1/2"]
[WhiteElo "2058"]
[BlackElo "2000"]
[WhiteFideId "-1"]
[WhiteFideId "-1"]
[PlyCount "127"]
[GameId "2210366782522917"]
[EventDate "2025.08.01"]
[EventType "swiss"]
[EventRounds "9"]
[EventCountry "CAN"]

1. e4 d6 2. d4 Nf6 3. Bd3 Nbd7 4. Nf3 e5 5. c3 c6 6. O-O Qc7 7. Re1 Be7 8. Nbd2 h6 9. Nf1 Nf8 10. Ng3 g6 11. a4 Bg4 12. h3 Bd7 13. c4 exd4 14. Nxd4 Ne6 15. Nf3 O-O-O 16. Be3 Kb8 17. b4 h5 18. a5 h4 19. Ne2 g5 20. b5 g4 21. b6 Qc8 22. a6 gxf3 23. axb7 Qxb7 24. Rxa7 fxe2 25. Rxe2 c5 26. Qa1 Bc6 27. Rxb7+ Bxb7 28. e5 Nd7 29. exd6 Bxd6 30. Qa7+ Kc8 31. Rb2 Bb8 32. Qa3 Rhg8 33. f4 Rg3 34. f5 Rxe3 35. fxe6 fxe6 36. Re2 Rg3 37. Rxe6 Rxg2+ 38. Kf1 Rf8+ 39. Ke1 Bg3+ 40. Kd1 Rh8 41. Re7 Bf2 42. Bf5 Rg5 43. Bg4 Rxg4 44. hxg4 Nxb6 45. Ke2 Bd4 46. Qb3 Rh6 47. Qb5 Bc6 48. Qa6+ Kd8 49. Qa7 Bd7 50. Re4 h3 51. g5 h2 52. Rh4 Re6+ 53. Kf1 Be5 54. Rh7 Rd6 55. Ke2 Rg6 56. Kf2 Ke8 57. Ke2 Rg7 58. Rh8+ Rg8 59. Rh7 Rg6 60. Kf2 Kf8 61. Qb7 Kg8 62. Rh5 Bd4+ 63. Kf1 Be5 64. Kf2 1/2-1/2

[Event "Royal City Masters U2200"]
[Site "Guelph CAN"]
[Date "2025.08.03"]
[Round "5.24"]
[White "Colvin, Andrew"]
[Black "Chertkow, Matthew"]
[Result "1/2-1/2"]
[WhiteElo "2034"]
[BlackElo "1855"]
[WhiteFideId "-1"]
[WhiteFideId "-1"]
[PlyCount "48"]
[GameId "2210366782522918"]
[EventDate "2025.08.01"]
[EventType "swiss"]
[EventRounds "9"]
[EventCountry "CAN"]

1. e4 e6 2. d4 d5 3. e5 c5 4. c3 Nc6 5. Nf3 Bd7 6. Be2 Nge7 7. O-O cxd4 8. cxd4 Nf5 9. Nc3 Qb6 10. Na4 Qc7 11. Bf4 Be7 12. Rc1 Qd8 13. g4 Nh4 14. Nxh4 Bxh4 15. Nc5 Rb8 16. Be3 O-O 17. f4 f6 18. Qd2 fxe5 19. fxe5 Be7 20. Rxf8+ Bxf8 21. Bg5 Qe8 22. Nb3 b6 23. Bd3 Be7 24. Be3 a5 1/2-1/2

[Event "Royal City Masters U2200"]
[Site "Guelph CAN"]
[Date "2025.08.03"]
[Round "5.25"]
[White "Zhan, Jayden"]
[Black "Velasquez, Noah"]
[Result "0-1"]
[WhiteElo "2030"]
[BlackElo "1989"]
[WhiteFideId "-1"]
[WhiteFideId "-1"]
[PlyCount "112"]
[GameId "2210366782522919"]
[EventDate "2025.08.01"]
[EventType "swiss"]
[EventRounds "9"]
[EventCountry "CAN"]

1. e4 e5 2. Nf3 Nc6 3. Bb5 Bc5 4. d3 d6 5. h3 Nf6 6. O-O a6 7. Ba4 b5 8. Bb3 O-O 9. c3 Bb6 10. Re1 h6 11. Nbd2 Re8 12. Nf1 Be6 13. Ng3 Qd7 14. Be3 Bxe3 15. fxe3 Bxb3 16. axb3 d5 17. exd5 Nxd5 18. Ne4 f5 19. Nc5 Qd6 20. b4 Nce7 21. Qb3 Kh7 22. c4 Nxb4 23. Nb7 Qb6 24. Qxb4 Nc6 25. Qc5 Qxb7 26. Rec1 b4 27. d4 Qb6 28. Qd5 Rad8 29. Qf7 Rf8 30. Qh5 Kg8 31. c5 Qb5 32. dxe5 Qe2 33. Re1 Qxb2 34. Rxa6 Nxe5 35. Nd4 Qd2 36. Raa1 Nd3 37. Re2 Qc3 38. Rf1 Rxd4 39. exd4 Qxd4+ 40. Kh1 Nf4 41. Qf3 Nxe2 42. Qxe2 Qxc5 43. Qe6+ Kh8 44. Rd1 Qc2 45. Rd7 b3 46. Qe7 Rg8 47. Qe1 b2 48. Rd1 c5 49. Qf1 c4 50. Rb1 c3 51. Kh2 Qb3 52. Qd3 c2 53. Qxb3 cxb1=Q 54. Qe6 Qe4 55. Qd7 Qf4+ 56. g3 Qf2+ 0-1

[Event "Royal City Masters U2200"]
[Site "Guelph CAN"]
[Date "2025.08.03"]
[Round "5.26"]
[White "Maulucci, Anthony"]
[Black "Kola, Venkat Karthikeya R"]
[Result "0-1"]
[WhiteElo "2046"]
[BlackElo "2140"]
[WhiteFideId "-1"]
[WhiteFideId "-1"]
[PlyCount "100"]
[GameId "2210366782522920"]
[EventDate "2025.08.01"]
[EventType "swiss"]
[EventRounds "9"]
[EventCountry "CAN"]

1. d4 Nf6 2. c4 e6 3. Nc3 Bb4 4. e3 O-O 5. Bd3 c5 6. Nf3 d5 7. O-O Nc6 8. a3 Bxc3 9. bxc3 dxc4 10. Bxc4 Qc7 11. Ba2 e5 12. h3 Rd8 13. Qe2 Bf5 14. Rd1 h6 15. a4 Ne4 16. Bb2 Rac8 17. Nh4 Bh7 18. d5 Na5 19. f3 Nd6 20. g4 Qe7 21. Ng2 b6 22. Bb1 Bxb1 23. Raxb1 g6 24. e4 Nac4 25. f4 exf4 26. Re1 Qe5 27. Nh4 Ne3 28. Bc1 Qxe4 29. Bxe3 fxe3 30. Rxb6 Nc4 31. Rc6 Qxd5 32. Nf5 Qe4 33. Rxc8 Rxc8 34. Ng3 Qf4 35. Kg2 Qf6 36. Nf5 Qe6 37. Qd3 Re8 38. Re2 Qc6+ 39. Kg1 Ne5 40. Qd6 Nf3+ 41. Kh1 Qb7 42. Nxe3 Rxe3 43. Qd8+ Kh7 44. Qd1 Nd4+ 45. Rg2 Rxh3+ 46. Kg1 Nf3+ 47. Kf2 Qb2+ 48. Qe2 Qxe2+ 49. Kxe2 Ne5 50. Kd2 Nc4+ 0-1

[Event "Royal City Masters U2200"]
[Site "Guelph CAN"]
[Date "2025.08.03"]
[Round "5.27"]
[White "Filipovich, David"]
[Black "Jiang, Hancy"]
[Result "0-1"]
[WhiteElo "2020"]
[BlackElo "2112"]
[WhiteFideId "-1"]
[WhiteFideId "-1"]
[PlyCount "78"]
[GameId "2210366782522921"]
[EventDate "2025.08.01"]
[EventType "swiss"]
[EventRounds "9"]
[EventCountry "CAN"]

1. g3 Nf6 2. Bg2 g6 3. c4 Bg7 4. Nc3 O-O 5. e4 e5 6. Nge2 c5 7. d3 d6 8. O-O Bd7 9. f4 Nc6 10. fxe5 Nxe5 11. h3 a6 12. a4 Rb8 13. Bg5 h6 14. Bf4 Nh5 15. Be3 Kh7 16. Kh2 b5 17. axb5 axb5 18. b3 bxc4 19. bxc4 Bc6 20. Qd2 Nf6 21. Rab1 Qc7 22. Bf4 Nh5 23. Be3 Rxb1 24. Rxb1 Rb8 25. g4 Rxb1 26. Nxb1 Nf6 27. Bf4 Nfd7 28. Nbc3 Qa5 29. Qc2 Nb6 30. Bd2 Qa3 31. Nc1 Na4 32. Nb1 Qb2 33. Qxb2 Nxb2 34. Bf1 Ba4 35. Bc3 Nd1 36. Bxe5 Bxe5+ 37. Kg2 Ne3+ 38. Kf2 Nxf1 39. Kxf1 Bb2 0-1

[Event "Royal City Masters U2200"]
[Site "Guelph CAN"]
[Date "2025.08.03"]
[Round "5.28"]
[White "Nassif, Aba"]
[Black "Dembla, Shabd"]
[Result "0-1"]
[WhiteElo "2020"]
[BlackElo "2000"]
[WhiteFideId "-1"]
[WhiteFideId "-1"]
[PlyCount "84"]
[GameId "2210366782522922"]
[EventDate "2025.08.01"]
[EventType "swiss"]
[EventRounds "9"]
[EventCountry "CAN"]

1. e4 c6 2. d4 d5 3. f3 e6 4. Nc3 Bb4 5. exd5 cxd5 6. Bf4 a6 7. Qd3 Bd6 8. Nge2 Nc6 9. a3 b5 10. g3 Nge7 11. Nd1 O-O 12. Bxd6 Qxd6 13. f4 Bd7 14. Bg2 b4 15. a4 Na5 16. b3 Rac8 17. O-O Rc7 18. Rc1 Rfc8 19. Nf2 Be8 20. Qd2 Nb7 21. Nd3 a5 22. g4 Bd7 23. Rf2 Qb6 24. Ne5 Nd6 25. Ng3 f5 26. Qd1 Be8 27. gxf5 Ndxf5 28. Nf3 Nxg3 29. hxg3 Nf5 30. g4 Ne3 31. Qe2 Nxg4 32. Bh3 Nxf2 33. Bxe6+ Bf7 34. Bxc8 Ne4 35. Bf5 Re7 36. Rd1 Qf6 37. Bxe4 Rxe4 38. Qg2 Rxf4 39. Ne5 Be6 40. Rd3 Qh4 41. c3 Qe1+ 42. Kh2 Rh4+ 0-1

[Event "Royal City Masters U2200"]
[Site "Guelph CAN"]
[Date "2025.08.03"]
[Round "5.29"]
[White "Fillmore, Louis"]
[Black "Nguyen, Minh Thong"]
[Result "0-1"]
[WhiteElo "1998"]
[BlackElo "2147"]
[WhiteFideId "-1"]
[WhiteFideId "-1"]
[PlyCount "132"]
[GameId "2210366782576171"]
[EventDate "2025.08.01"]
[EventType "swiss"]
[EventRounds "9"]
[EventCountry "CAN"]

1. e4 c5 2. Nc3 d6 3. Bb5+ Bd7 4. Bxd7+ Qxd7 5. f4 g6 6. Nf3 Bg7 7. O-O Nc6 8. d3 Nf6 9. Qe1 Rc8 10. Ne2 b5 11. c3 c4 12. dxc4 bxc4 13. Ned4 d5 14. Nxc6 Rxc6 15. Ne5 Qc7 16. Nxc6 Qxc6 17. e5 Ne4 18. Be3 O-O 19. Qe2 a5 20. Bd4 a4 21. Rab1 Rb8 22. Kh1 e6 23. Qc2 Qb5 24. g4 Bf8 25. f5 Bc5 26. fxe6 fxe6 27. Qc1 Qb6 28. Qe3 Qa7 29. Bxc5 Qxc5 30. Qf4 Qe7 31. Kg2 Nc5 32. Qf6 Qxf6 33. exf6 Kf7 34. g5 Ne4 35. h4 Nd2 36. Rfd1 Nxb1 37. Rxb1 e5 38. Kf3 h6 39. Rd1 Rd8 40. Ke3 hxg5 41. hxg5 Ke6 42. Rf1 d4+ 43. cxd4 exd4+ 44. Kd2 Rb8 45. Kc2 Rh8 46. Kd2 Rh2+ 47. Kc1 Kf7 48. Re1 d3 49. Re7+ Kf8 50. Rb7 a3 51. Rb8+ Kf7 52. Rb7+ Ke6 53. Rb6+ Kd7 54. Rb7+ Kc6 55. Rb4 Kc5 56. Rb8 Rc2+ 57. Kd1 axb2 58. f7 Rf2 59. Rxb2 Rxf7 60. Rb8 Kd4 61. Rd8+ Kc3 62. Ke1 Re7+ 63. Kd1 Rh7 64. Ke1 Rh1+ 65. Kf2 d2 66. Ke2 Re1+ 0-1

[Event "Royal City Masters U2200"]
[Site "Guelph CAN"]
[Date "2025.08.03"]
[Round "5.30"]
[White "Lin, Austin"]
[Black "Ming, Wenyang"]
[Result "1-0"]
[WhiteElo "2128"]
[BlackElo "1974"]
[WhiteFideId "-1"]
[WhiteFideId "-1"]
[PlyCount "65"]
[GameId "2210366782576172"]
[EventDate "2025.08.01"]
[EventType "swiss"]
[EventRounds "9"]
[EventCountry "CAN"]

1. e4 c5 2. Nf3 d6 3. d4 cxd4 4. Nxd4 Nf6 5. Nc3 a6 6. h3 b5 7. g4 b4 8. Nd5 e6 9. Nxf6+ gxf6 10. Bg2 Bb7 11. Bd2 d5 12. Qe2 Nc6 13. Be3 Nxd4 14. Bxd4 e5 15. exd5 Be7 16. Be3 Qc7 17. O-O-O O-O-O 18. Kb1 Kb8 19. Rd2 Bd6 20. Rc1 Rc8 21. c4 bxc3 22. Rxc3 Qa5 23. Rb3 Ka8 24. Rdd3 h5 25. Rb6 hxg4 26. Rxd6 gxh3 27. Bh1 e4 28. Ra3 Rhg8 29. f3 exf3 30. Bxf3 h2 31. Rxa6+ Bxa6 32. d6+ Kb8 33. Rb3+ 1-0

[Event "Royal City Masters U2200"]
[Site "Guelph CAN"]
[Date "2025.08.03"]
[Round "5.31"]
[White "Achyuth, Akshaj"]
[Black "Varakunan, Cadiron"]
[Result "1/2-1/2"]
[WhiteElo "1971"]
[BlackElo "2062"]
[WhiteFideId "-1"]
[WhiteFideId "-1"]
[PlyCount "48"]
[GameId "2210366782584365"]
[EventDate "2025.08.01"]
[EventType "swiss"]
[EventRounds "9"]
[EventCountry "CAN"]

1. c4 e5 2. Nc3 Nf6 3. Nf3 Nc6 4. g3 d5 5. cxd5 Nxd5 6. Nxd5 Qxd5 7. d3 Bg4 8. Bg2 Nd4 9. e4 Qa5+ 10. Kf1 O-O-O 11. Be3 Qa6 12. Kg1 Kb8 13. Bxd4 Rxd4 14. Bf1 Qf6 15. Kg2 Bc5 16. h3 Bxf3+ 17. Qxf3 Qb6 18. Qe2 Rhd8 19. b3 f5 20. b4 Rxb4 21. Rc1 fxe4 22. dxe4 Rbd4 23. Rc2 Rf8 24. f3 Rfd8 {...} 1/2-1/2

[Event "Royal City Masters U2200"]
[Site "Guelph CAN"]
[Date "2025.08.03"]
[Round "5.32"]
[White "Desforges, Jean"]
[Black "Winfield, Jordan"]
[Result "1-0"]
[WhiteElo "2013"]
[BlackElo "1890"]
[WhiteFideId "-1"]
[WhiteFideId "-1"]
[PlyCount "92"]
[GameId "2210366782584366"]
[EventDate "2025.08.01"]
[EventType "swiss"]
[EventRounds "9"]
[EventCountry "CAN"]

1. d4 Nf6 2. c4 d5 3. cxd5 Nxd5 4. e4 Nf6 5. Nc3 e6 6. Nf3 c5 7. Bf4 a6 8. Be2 Nc6 9. dxc5 Bxc5 10. Qxd8+ Nxd8 11. O-O O-O 12. Rfd1 Nc6 13. e5 Nd7 14. Ne4 Be7 15. a3 Nb6 16. Nc3 h6 17. Be3 Nd7 18. Bd4 Bc5 19. Bxc5 Nxc5 20. Bc4 b5 21. Ba2 b4 22. Rac1 bxc3 23. Rxc3 Na4 24. Rxc6 Bb7 25. Rc7 Nxb2 26. Rd2 Bxf3 27. gxf3 Na4 28. Rdd7 Rac8 29. Rxf7 Rxc7 30. Rxc7 Rxf3 31. Bxe6+ Kf8 32. Kg2 Rxa3 33. Rf7+ Ke8 34. Rxg7 Nc5 35. Bf5 Ra1 36. Rc7 Nb3 37. Rb7 Nd4 38. Bg6+ Kd8 39. f4 Ne2 40. f5 Nf4+ 41. Kf3 Rf1+ 42. Ke4 a5 43. Ra7 Nxg6 44. fxg6 Rg1 45. g7 Ke8 46. e6 a4 1-0

[Event "Royal City Masters U2200"]
[Site "Guelph CAN"]
[Date "2025.08.03"]
[Round "5.33"]
[White "Fischer, Jacob"]
[Black "Yin, Zeming"]
[Result "0-1"]
[WhiteElo "1809"]
[BlackElo "1999"]
[WhiteFideId "-1"]
[WhiteFideId "-1"]
[PlyCount "60"]
[GameId "2210366782584367"]
[EventDate "2025.08.01"]
[EventType "swiss"]
[EventRounds "9"]
[EventCountry "CAN"]

1. d4 Nf6 2. c4 e6 3. Nc3 Bb4 4. Nf3 b6 5. Qb3 a5 6. a3 Bxc3+ 7. bxc3 d6 8. Bf4 Nbd7 9. e3 Bb7 10. Bd3 Qe7 11. Bg5 h6 12. Bxf6 Nxf6 13. Qc2 e5 14. Nd2 O-O 15. d5 Nd7 16. a4 Nc5 17. Nb3 Nxb3 18. Qxb3 Bc8 19. Qc2 f5 20. g3 f4 21. gxf4 exf4 22. O-O-O Bd7 23. Rde1 c6 24. Be4 Rac8 25. Rhg1 Kh8 26. Rg2 Bh3 27. Rg6 cxd5 28. cxd5 Rc7 29. c4 Rfc8 30. Qc3 Qxe4 0-1

[Event "Royal City Masters U2200"]
[Site "Guelph CAN"]
[Date "2025.08.03"]
[Round "5.34"]
[White "Huang, Justin"]
[Black "Pottinger, Carl"]
[Result "1-0"]
[WhiteElo "1988"]
[BlackElo "1710"]
[WhiteFideId "-1"]
[WhiteFideId "-1"]
[PlyCount "53"]
[GameId "2210366782584368"]
[EventDate "2025.08.01"]
[EventType "swiss"]
[EventRounds "9"]
[EventCountry "CAN"]

1. d4 Nf6 2. c4 e6 3. Nf3 d5 4. e3 Be7 5. Nbd2 O-O 6. b3 Nbd7 7. Bb2 b6 8. Bd3 Bb7 9. O-O dxc4 10. Nxc4 c5 11. Rc1 Rc8 12. Qe2 h6 13. Rfd1 Rc7 14. dxc5 Bxc5 15. Bb1 Qa8 16. Nce5 Nxe5 17. Bxe5 Rcc8 18. Bxf6 gxf6 19. Nh4 Rfd8 20. Qg4+ Kf8 21. Bh7 Ke7 22. Qg7 Be4 23. Bg6 Rf8 24. b4 Bxg6 25. Nxg6+ Ke8 26. bxc5 fxg6 27. Qd7# 1-0

[Event "Royal City Masters U2200"]
[Site "Guelph CAN"]
[Date "2025.08.03"]
[Round "5.35"]
[White "Li, Jerry"]
[Black "Obrovac, Zvonko"]
[Result "1-0"]
[WhiteElo "1819"]
[BlackElo "2084"]
[WhiteFideId "-1"]
[WhiteFideId "-1"]
[PlyCount "93"]
[GameId "2210366782584369"]
[EventDate "2025.08.01"]
[EventType "swiss"]
[EventRounds "9"]
[EventCountry "CAN"]

1. e4 c5 2. Nf3 Nc6 3. d4 cxd4 4. Nxd4 Nf6 5. Nc3 e5 6. Ndb5 d6 7. Nd5 Nxd5 8. exd5 Nb8 9. Be3 Be7 10. Qd2 a6 11. Nc3 O-O 12. a4 f5 13. f3 Nd7 14. Be2 Bh4+ 15. g3 f4 16. Bf2 Bg5 17. g4 Bh4 18. Bd3 Nc5 19. Ne4 Bxf2+ 20. Nxf2 Bd7 21. a5 Rc8 22. h4 Qc7 23. Rh2 Rfe8 24. Ne4 Nxe4 25. Bxe4 Qc5 26. O-O-O Qc4 27. Kb1 h6 28. g5 Kh8 29. gxh6 gxh6 30. Rg1 Rg8 31. Rhg2 Bh3 32. Rg6 Rxg6 33. Rxg6 Qf1+ 34. Qc1 Qf2 35. Rxh6+ Kg7 36. Rxd6 Rc7 37. Rg6+ Kh8 38. Qg1 Qxg1+ 39. Rxg1 b5 40. axb6 Rb7 41. Rg6 a5 42. c4 a4 43. c5 a3 44. bxa3 Bf1 45. d6 Bb5 46. Rh6+ Kg8 47. Bxb7 1-0

[Event "Royal City Masters U2200"]
[Site "Guelph CAN"]
[Date "2025.08.03"]
[Round "5.36"]
[White "Li, Jerry"]
[Black "Obrovac, Zvonko"]
[Result "0-1"]
[WhiteElo "1819"]
[BlackElo "2084"]
[WhiteFideId "-1"]
[WhiteFideId "-1"]
[PlyCount "107"]
[GameId "2210366782584370"]
[EventDate "2025.08.01"]
[EventType "swiss"]
[EventRounds "9"]
[EventCountry "CAN"]

1. e4 c6 2. d4 d5 3. Nc3 dxe4 4. Nxe4 Nd7 5. Nf3 Ngf6 6. Nxf6+ Nxf6 7. c3 Bg4 8. h3 Bh5 9. g4 Bg6 10. Ne5 Nd7 11. Nxg6 hxg6 12. Bf4 e6 13. Bd3 Nf6 14. Qe2 Bd6 15. Bd2 Qc7 16. O-O-O O-O-O 17. Kb1 Nd5 18. Be4 Kb8 19. Rdf1 Nf4 20. Bxf4 Bxf4 21. Bg2 e5 22. dxe5 Rd2 23. Qe4 Qb6 24. Qb4 Qxb4 25. cxb4 Bxe5 26. f4 Rxb2+ 27. Kc1 Bf6 28. g5 Rxg2 29. gxf6 Rxa2 30. fxg7 Rg8 31. Kb1 Ra4 32. Re1 Rxb4+ 33. Kc2 Rxg7 34. Re7 Rxf4 35. Rd1 a5 36. Rdd7 Rb4 37. Rd8+ Ka7 38. Ree8 f5 39. Ra8+ Kb6 40. h4 Rxh4 41. Re5 Rf7 42. Kd2 f4 43. Re4 Rh2+ 44. Kd1 f3 45. Re1 Ra2 46. Rae8 f2 47. Rf1 Rf4 48. Re3 Rb4 49. Kc1 Ra1+ 50. Kc2 Rxf1 51. Rf3 Ra1 52. Rb3 f1=Q 53. Rxb4+ axb4 54. Kd2 0-1

[Event "Royal City Masters U2200"]
[Site "Guelph CAN"]
[Date "2025.08.03"]
[Round "5.37"]
[White "Lukinykh, Slava"]
[Black "Satish Alwar, Dharsan"]
[Result "1-0"]
[WhiteElo "2139"]
[BlackElo "1792"]
[WhiteFideId "-1"]
[WhiteFideId "-1"]
[PlyCount "93"]
[GameId "2210366782584371"]
[EventDate "2025.08.01"]
[EventType "swiss"]
[EventRounds "9"]
[EventCountry "CAN"]

1. d4 d5 2. c4 e6 3. Nc3 Nf6 4. Nf3 c6 5. Bg5 Be7 6. e3 Nbd7 7. cxd5 exd5 8. Bd3 h6 9. Bf4 Nh5 10. Bg3 Nxg3 11. hxg3 Nf6 12. Ne5 Qb6 13. Rb1 a6 14. g4 Nd7 15. Nf3 Rf8 16. e4 dxe4 17. Nxe4 Nf6 18. Nxf6+ Bxf6 19. Qe2+ Kd8 20. Be4 Bxg4 21. O-O Re8 22. Qd3 Qb5 23. Qc2 Be6 24. Rbc1 Re7 25. a4 Qb3 26. Qc5 Qxa4 27. Qb6+ Ke8 28. Rxc6 Qb3 29. Qc5 Qc4 30. Qxe7+ Kxe7 31. Rxc4 Bxc4 32. Rc1 Rc8 33. Bxb7 Rb8 34. Be4 Be2 35. Ne5 Bxe5 36. dxe5 Rxb2 37. Bd5 Bh5 38. Rc7+ Ke8 39. Bc6+ Kd8 40. Ra7 Rb6 41. Bd5 Ke8 42. Kh2 g5 43. Bc4 Rb4 44. Bxa6 Re4 45. Bb5+ Kf8 46. Ra8+ Ke7 47. Re8# 1-0